000 02998cam a2200349 a 4500
003 EG-GiCUC
005 20250223032708.0
008 210227s2019 ua dh f m 000 0 eng d
040 _aEG-GiCUC
_beng
_cEG-GiCUC
041 0 _aeng
049 _aDeposite
097 _aPh.D
099 _aCai01.11.25.Ph.D.2019.Ah.P
100 0 _aAhmed Hamed Gamal Eldin
245 1 0 _aPlatelet rich plasma in arthroscopic ACL reconstruction /
_cAhmed Hamed Gamal Eldin ; Supervised Mohammed Kamel , Yasser Abdelfattah Radwan , Mohammed Hussein
246 1 5 _aالبلازما الغنية بالصفائح الدموية لاعادة بناء الرباط الصليبى الامامى للركبة بالمنظار
260 _aCairo :
_bAhmed Hamed Gamal Eldin ,
_c2019
300 _a78 P. :
_bcharts , facsimiles ;
_c25cm
502 _aThesis (Ph.D.) - Cairo University - Faculty of Medicine - Department of Orthopedics Surgery
520 _aThe anterior cruciate ligament (ACL) is commonly injured and frequently reconstructed. Modern intra-articular reconstructive techniques produce clinically stable ligament reconstruction in the majority of cases; however, graft tears after reconstruction continue to be a problem.The use of allograft tissue in ACL reconstruction have been associated with increased graft failure rates. Platelet rich plasma (PRP) is a preparation of autologous platelets and plasma that are concentrated to a level greater than their naturally occurring levels in blood. PRP is typically prepared by centrifuging anti-coagulated autologous blood. When platelets are activated, they release numerous growth factors that have been shown to enhance tissue healing.These preparations have been shown in cell cultures to enhance fibrocyte growth and collagen production. Animal studies have demonstrated positive effects of PRP on collagen healing.The purpose of this study was to report and review the surgical technique and the clinical outcome of PRP in ACL reconstruction and compare with another control group without PRP. Between March 2014 and November 2016, 90 patients were enrolled in our study, Patients were divided into two groups; Group 1 (PRP group) Comprised 45 patients with ACL reconstruction and platelet-enriched PLASMA gel. Group2 (control group) Comprised 45 patients with ACL reconstruction without PRP. The study design was prospective comparative, randomized, controlled study and the results of the operations were monitored by an independent MRI expert in a blinded fashion with the agreement of the ethics committee
530 _aIssued also as CD
653 4 _aAnterior cruciate ligament (ACL)
653 4 _aAnteromedial (AM)
653 4 _aPlatelet rich plasma
700 0 _aMohammed Hussein ,
_eSupervisor
700 0 _aMohammed Kamel ,
_eSupervisor
700 0 _aYasser Abdelfattah Radwan ,
_eSupervisor
856 _uhttp://172.23.153.220/th.pdf
905 _aNazla
_eRevisor
905 _aShimaa
_eCataloger
942 _2ddc
_cTH
999 _c80006
_d80006